00884nam a2200253 a 4500001001000000003000900010005001700019008004100036020001800077040002500095082001900120100002700139245004100166260006300207300002000270490001400290500007000304500006700374586007300441650002400514650002700538710005100565830001400616000047481DO-SdBNP20250115124320.0180606s2017 dr 000 j spa d a9789945503074 aDO-SdBNPbspacBNPHU aRD863.5bB142d1 aBáez, Rodolfod1983-10aDomadora de autos /cRodolfo Báez. aSanto Domingo :bMinisterio de Cultura ;bNacional,c2017. a77 p. ;c20 cm.1 aNarrativa aIncluye datos biográficos del autor en al solapa de la cubierta aParticipación en la 13a. Feria Regional del Libro Azua, 2017 aSegundo lugar en el XXIII Concurso de Cuentos de Radio Santa María 0aCuentos dominicanos 4aLiteratura ddominicana1 aRepública Dominicana.bMinisterio de Cultura 0aNarrativa